[Event "EOBCC 2020"]
[Site "Online"]
[Date "2020.12.18"]
[Round "7.103"]
[White "Neuman, Petr"]
[Black "Szczurek, Krzysztof"]
[Result "1-0"]
[WhiteElo "2393"]
[BlackElo "2031"]
[Annotator "ChessBase"]
[PlyCount "129"]
[EventDate "2020.12.18"]
[EventType "tourn"]
[EventCountry "NET"]
[SourceTitle "playchess.com"]
[Source "ChessBase"]
[SourceQuality "1"]

1. d4 Nf6 2. c4 g6 3. Nc3 Bg7 4. e4 O-O 5. Nf3 d6 6. Be2 Nbd7 7. Be3 e5 8. d5 Nc5 9. Nd2 a5 10. b3 b6 11. Rb1 Ne8 12. a3 f5 13. f3 f4 14. Bf2 g5 15. b4 Nd7 16. Bd3 h5 17. h3 Ndf6 18. c5 g4 19. hxg4 hxg4 20. cxb6 cxb6 21. Nc4 axb4 22. axb4 Rb8 23. Ra1 Bd7 24. Ra7 Rf7 25. Qa1 Nh7 26. Be2 Ng5 27. Kd2 Bf8 28. Qa6 Bc8 29. Qa3 Rxa7 30. Qxa7 Rb7 31. Bxb6 Qe7 32. Qa8 Qd7 33. Ra1 Nc7 34. Qa4 Qh7 35. Qd1 gxf3 36. gxf3 Kf7 37. Qh1 Qxh1 38. Rxh1 Bd7 39. Ba5 Nb5 40. Nxb5 Bxb5 41. Na3 Bxe2 42. Kxe2 Be7 43. Rc1 Nh7 44. Rc7 Rb8 45. Nc4 Ke8 46. Ra7 Nf6 47. Nb6 Bd8 48. Ra8 Rxa8 49. Nxa8 Bxa5 50. bxa5 Nd7 51. Nb6 Nb8 52. Kd3 Kd8 53. Kc4 Kc7 54. Kb5 Kb7 55. Nc4 Kc7 56. a6 Nd7 57. a7 Kb7 58. Nxd6+ Kxa7 59. Kc6 Nf6 60. Nc4 Nh5 61. Nxe5 Kb8 62. Kd7 Kb7 63. d6 Kb6 64. Ke7 Kc5 65. d7 1-0

[Event "EOBCC 2020"]
[Site "Online"]
[Date "2020.12.18"]
[Round "7.104"]
[White "Zabrzanska, Weronika"]
[Black "Baskin, Robert"]
[Result "0-1"]
[WhiteElo "1849"]
[BlackElo "2390"]
[Annotator "ChessBase"]
[PlyCount "64"]
[EventDate "2020.12.18"]
[EventType "tourn"]
[EventCountry "NET"]
[SourceTitle "playchess.com"]
[Source "ChessBase"]
[SourceQuality "1"]

1. e4 c5 2. Nc3 Nc6 3. Nf3 e5 4. Bc4 Be7 5. O-O Nf6 6. Ng5 O-O 7. f4 exf4 8. Rxf4 d6 9. d3 h6 10. Nh3 Be6 11. Bb3 Nd4 12. Bxe6 fxe6 13. Be3 Qd7 14. Ne2 e5 15. Rf1 Ng4 16. Bd2 Rxf1+ 17. Qxf1 Nxc2 18. Rc1 Rf8 19. Qd1 Nd4 20. Nxd4 cxd4 21. b4 Bd8 22. a4 Qf7 23. Qxg4 Qb3 24. a5 Qxd3 25. Bxh6 Bf6 26. Rd1 Qc2 27. Rf1 d3 28. Rxf6 Qb1+ 29. Kf2 Rxf6+ 30. Kg3 Qe1+ 31. Nf2 Qxf2+ 32. Kh3 Rxh6+ 0-1

[Event "EOBCC 2020"]
[Site "Online"]
[Date "2020.12.18"]
[Round "7.105"]
[White "Sowinski, Pawel"]
[Black "Rodin, Dmitrij"]
[Result "0-1"]
[WhiteElo "1767"]
[BlackElo "2370"]
[Annotator "ChessBase"]
[PlyCount "80"]
[EventDate "2020.12.18"]
[EventType "tourn"]
[EventCountry "NET"]
[SourceTitle "playchess.com"]
[Source "ChessBase"]
[SourceQuality "1"]

1. c4 Nf6 2. Nc3 e6 3. g3 c5 4. Bg2 d5 5. cxd5 exd5 6. d4 cxd4 7. Qxd4 Nc6 8. Qa4 d4 9. Ne4 Bb4+ 10. Bd2 Bxd2+ 11. Nxd2 O-O 12. Ngf3 Re8 13. O-O Rxe2 14. Rfe1 Rxe1+ 15. Rxe1 Be6 16. Nb3 Bxb3 17. Qxb3 Qd7 18. a3 Rd8 19. Qd3 h6 20. Rd1 a5 21. Qb5 Qe7 22. Re1 Qc7 23. Rc1 Rd5 24. Qc4 Qd6 25. Nd2 Re5 26. Bxc6 bxc6 27. Qxc6 Qxc6 28. Rxc6 Re2 29. Nc4 a4 30. Rd6 Re1+ 31. Kg2 Rd1 32. Nb6 Ne4 33. Rd8+ Kh7 34. Nxa4 Rd2 35. Kf3 Nxf2 36. b4 f5 37. b5 g5 38. b6 Ng4 39. Rd7+ Kg6 40. Rxd4 Rf2# 0-1

[Event "EOBCC 2020"]
[Site "Online"]
[Date "2020.12.18"]
[Round "7.109"]
[White "Sargsyan, Anna M."]
[Black "Mustafayev, Farid"]
[Result "1-0"]
[WhiteElo "2402"]
[BlackElo "2334"]
[Annotator "ChessBase"]
[PlyCount "119"]
[EventDate "2020.12.18"]
[EventType "tourn"]
[EventCountry "NET"]
[SourceTitle "playchess.com"]
[Source "ChessBase"]
[SourceQuality "1"]

1. d4 d5 2. c4 dxc4 3. Nf3 Nf6 4. e3 e6 5. Bxc4 c5 6. O-O Qc7 7. Qe2 a6 8. b3 Nbd7 9. Bb2 Be7 10. Nbd2 O-O 11. Rac1 b6 12. dxc5 bxc5 13. Bd3 Bb7 14. Nc4 Rac8 15. Rfd1 Rfd8 16. h3 Nb8 17. Be5 Qc6 18. Na5 Qb6 19. Nxb7 Qxb7 20. Bc3 Nd5 21. Bb2 Nb4 22. Bb1 N8c6 23. a3 Nd5 24. Qc2 g6 25. h4 Bf6 26. Rxd5 Rxd5 27. Bxf6 Rb8 28. Nd2 e5 29. Ba2 Qd7 30. Ne4 Qf5 31. Bg5 Kg7 32. b4 Rd7 33. Nxc5 Qxc2 34. Rxc2 Rd1+ 35. Kh2 h6 36. Ne4 hxg5 37. Rxc6 Rh8 38. Nxg5 Rxh4+ 39. Kg3 Rh5 40. Nxf7 Rd2 41. Bc4 e4 42. Rc7 Kf6 43. Rc6+ Kg7 44. Nd6 Rg5+ 45. Kf4 Rxg2 46. Nxe4 Rc2 47. Rc7+ Kh6 48. Ke5 Rg4 49. Rc5 Rh4 50. f4 Rh5+ 51. Kd4 Rc1 52. Rc8 Rd1+ 53. Bd3 Kg7 54. Nc5 Ra1 55. Rc7+ Kf6 56. Rc6+ Ke7 57. Re6+ Kd8 58. Rxa6 g5 59. fxg5 Rxg5 60. Ne6+ 1-0

[Event "EOBCC 2020"]
[Site "Online"]
[Date "2020.12.18"]
[Round "7.110"]
[White "Vitenberg, Noam Aviv"]
[Black "Havlik, Jan"]
[Result "0-1"]
[WhiteElo "2320"]
[BlackElo "2393"]
[Annotator "ChessBase"]
[PlyCount "56"]
[EventDate "2020.12.18"]
[EventType "tourn"]
[EventCountry "NET"]
[SourceTitle "playchess.com"]
[Source "ChessBase"]
[SourceQuality "1"]

1. d4 Nf6 2. c4 g6 3. Nc3 Bg7 4. e4 d6 5. Nf3 O-O 6. Be2 e5 7. Be3 Ng4 8. Bg5 f6 9. Bc1 f5 10. h3 Nxf2 11. Kxf2 fxe4 12. Nxe4 Qh4+ 13. Ke3 Bh6+ 14. Kd3 Qxe4+ 15. Kc3 exd4+ 16. Nxd4 Bg7 17. Bf3 Qe5 18. Re1 Qf6 19. Bd5+ Kh8 20. Re4 c5 21. Be3 Nc6 22. Bxc6 bxc6 23. Qa4 Bf5 24. Rf4 Qe5 25. Kd2 cxd4 26. Rxd4 Bh6 27. Bxh6 Qxd4+ 28. Kc1 Rae8 0-1

[Event "EOBCC 2020"]
[Site "Online"]
[Date "2020.12.18"]
[Round "7.111"]
[White "Haring, Filip"]
[Black "Owczarzak, Jerzy"]
[Result "0-1"]
[WhiteElo "2376"]
[BlackElo "2326"]
[Annotator "ChessBase"]
[PlyCount "74"]
[EventDate "2020.12.18"]
[EventType "tourn"]
[EventCountry "NET"]
[SourceTitle "playchess.com"]
[Source "ChessBase"]
[SourceQuality "1"]

1. e4 e6 2. d4 d5 3. Nc3 Nf6 4. e5 Nfd7 5. f4 c5 6. Nf3 a6 7. Be3 Qb6 8. Na4 Qa5+ 9. c3 cxd4 10. Bxd4 b5 11. b4 Qxa4 12. Qd2 a5 13. Bd3 axb4 14. O-O Nc6 15. f5 bxc3 16. Bxc3 Nc5 17. Bc2 Qa7 18. Kh1 exf5 19. Qxd5 Qd7 20. Bb3 Ra6 21. Ng5 Qxd5 22. Bxd5 Be6 23. Bf3 Be7 24. Nxe6 fxe6 25. Rab1 Ne4 26. Bxe4 fxe4 27. Rxb5 Rxa2 28. Rb6 Kd7 29. Rb7+ Kc8 30. Rfb1 e3 31. R7b6 Nd8 32. Rb8+ Kd7 33. Bd4 e2 34. Bf2 Rf8 35. Kg1 e1=Q+ 36. Rxe1 Rfxf2 37. Rd1+ Ke8 0-1

[Event "EOBCC 2020"]
[Site "Online"]
[Date "2020.12.18"]
[Round "7.112"]
[White "Fataliyeva, Ulviyya"]
[Black "Seul, Georg"]
[Result "1-0"]
[WhiteElo "2301"]
[BlackElo "2372"]
[Annotator "ChessBase"]
[PlyCount "49"]
[EventDate "2020.12.18"]
[EventType "tourn"]
[EventCountry "NET"]
[SourceTitle "playchess.com"]
[Source "ChessBase"]
[SourceQuality "1"]

1. d4 Nf6 2. Bg5 e6 3. e4 h6 4. Bxf6 Qxf6 5. c3 d6 6. Nd2 Nd7 7. Bd3 g6 8. Qe2 Bg7 9. O-O-O a6 10. g3 Qe7 11. f4 c5 12. Ngf3 b5 13. e5 d5 14. g4 b4 15. cxb4 cxd4 16. a3 O-O 17. Nxd4 Bb7 18. N2f3 a5 19. b5 Rae8 20. Rhe1 g5 21. f5 exf5 22. Nxf5 Qc5+ 23. Kb1 d4 24. Nxg7 Kxg7 25. Bc2 1-0

[Event "EOBCC 2020"]
[Site "Online"]
[Date "2020.12.18"]
[Round "7.113"]
[White "Baghdasaryan, Vahe"]
[Black "Burkart, Patrick"]
[Result "1-0"]
[WhiteElo "2364"]
[BlackElo "2322"]
[Annotator "ChessBase"]
[PlyCount "79"]
[EventDate "2020.12.18"]
[EventType "tourn"]
[EventCountry "NET"]
[SourceTitle "playchess.com"]
[Source "ChessBase"]
[SourceQuality "1"]

1. e4 c5 2. Nf3 e6 3. d4 cxd4 4. Nxd4 a6 5. Nc3 Qc7 6. Be2 Nf6 7. O-O Be7 8. f4 d6 9. Kh1 Nc6 10. Be3 Bd7 11. Qe1 O-O 12. Qg3 Kh8 13. Bd3 Nb4 14. e5 Ng8 15. exd6 Bxd6 16. Be4 f5 17. Bf3 e5 18. fxe5 Bxe5 19. Qh4 f4 20. Be4 h6 21. Bg1 Nf6 22. Bg6 Rad8 23. Rad1 Qb6 24. Nf5 Qe6 25. Nxh6 gxh6 26. Qxh6+ Kg8 27. Ne4 Nbd5 28. Rxd5 Qxd5 29. Bc5 Qxe4 30. Bxe4 Nxe4 31. Bxf8 Rxf8 32. Qg6+ Bg7 33. Qxe4 Bc6 34. Qc4+ Kh8 35. Rxf4 Rd8 36. Rh4+ Bh6 37. Rxh6+ Kg7 38. Rh7+ Kxh7 39. Qh4+ Kg7 40. Qxd8 1-0

[Event "EOBCC 2020"]
[Site "Online"]
[Date "2020.12.18"]
[Round "7.114"]
[White "Ruperez Benito, Antonio"]
[Black "Sochacki, Wojtek"]
[Result "1-0"]
[WhiteElo "2363"]
[BlackElo "2320"]
[Annotator "ChessBase"]
[PlyCount "35"]
[EventDate "2020.12.18"]
[EventType "tourn"]
[EventCountry "NET"]
[SourceTitle "playchess.com"]
[Source "ChessBase"]
[SourceQuality "1"]

1. e4 c5 2. Nf3 d6 3. Bb5+ Nd7 4. O-O a6 5. Bd3 Ngf6 6. c3 g6 7. Bc2 Bg7 8. d4 O-O 9. e5 Ne8 10. e6 fxe6 11. Ng5 Nc7 12. dxc5 Nxc5 13. Nxh7 Kxh7 14. Qh5+ Kg8 15. Bxg6 Rf5 16. Qh7+ Kf8 17. Bh6 Ne8 18. Qh8# 1-0

[Event "EOBCC 2020"]
[Site "Online"]
[Date "2020.12.18"]
[Round "7.115"]
[White "Voit, Daria"]
[Black "Nazaretyan, Tigran"]
[Result "0-1"]
[WhiteElo "2353"]
[BlackElo "2316"]
[Annotator "ChessBase"]
[PlyCount "82"]
[EventDate "2020.12.18"]
[EventType "tourn"]
[EventCountry "NET"]
[SourceTitle "playchess.com"]
[Source "ChessBase"]
[SourceQuality "1"]

1. d4 Nf6 2. Nf3 g6 3. g3 Bg7 4. Bg2 O-O 5. O-O d6 6. c4 c6 7. Nc3 Bf5 8. Nh4 Be6 9. b3 d5 10. Qd3 Na6 11. c5 Ne4 12. Bb2 f5 13. a3 Bf7 14. Nf3 g5 15. b4 Nc7 16. Nd2 Bg6 17. f3 Nxd2 18. Qxd2 f4 19. e3 e5 20. dxe5 fxg3 21. hxg3 Bxe5 22. Ne2 Qf6 23. Bxe5 Qxe5 24. Qd4 Rae8 25. Kf2 Qe7 26. Rfe1 Nb5 27. Qd2 Qf6 28. Nd4 Be4 29. f4 Bxg2 30. Kxg2 Nxd4 31. Qxd4 Qf5 32. Qd2 Qe4+ 33. Kf2 Re6 34. Qd4 Qf5 35. Rh1 Re4 36. Qd2 d4 37. Rae1 dxe3+ 38. Rxe3 gxf4 39. Rf3 fxg3+ 40. Kg1 Qxf3 41. Qg5+ Kh8 0-1

[Event "EOBCC 2020"]
[Site "Online"]
[Date "2020.12.18"]
[Round "7.116"]
[White "Koksal, Ege"]
[Black "Vesselovsky, Serguei"]
[Result "1/2-1/2"]
[WhiteElo "2353"]
[BlackElo "2316"]
[Annotator "ChessBase"]
[PlyCount "71"]
[EventDate "2020.12.18"]
[EventType "tourn"]
[EventCountry "NET"]
[SourceTitle "playchess.com"]
[Source "ChessBase"]
[SourceQuality "1"]

1. d4 Nf6 2. c4 e6 3. Nf3 b6 4. g3 Bb4+ 5. Bd2 Bxd2+ 6. Qxd2 Ba6 7. b3 Bb7 8. Bg2 O-O 9. O-O d6 10. Nc3 Ne4 11. Qc2 Nxc3 12. Qxc3 Nd7 13. Rfd1 Qe7 14. e3 f5 15. Rac1 Nf6 16. Qc2 a5 17. c5 bxc5 18. dxc5 Be4 19. cxd6 cxd6 20. Qc7 Qxc7 21. Rxc7 Rfc8 22. Rdc1 Rxc7 23. Rxc7 a4 24. Nd4 axb3 25. Nxb3 Rxa2 26. Bxe4 Nxe4 27. Nd4 Nc5 28. Rc6 h6 29. Rxd6 Ne4 30. Rd8+ Kf7 31. Rd7+ Kf6 32. f3 Ra1+ 33. Kg2 Ra2+ 34. Kg1 Ra1+ 35. Kg2 Ra2+ 36. Kg1 1/2-1/2

[Event "EOBCC 2020"]
[Site "Online"]
[Date "2020.12.18"]
[Round "7.117"]
[White "Okhotnik, Vladimir"]
[Black "Zovko, Mario"]
[Result "0-1"]
[WhiteElo "2350"]
[BlackElo "2312"]
[Annotator "ChessBase"]
[PlyCount "144"]
[EventDate "2020.12.18"]
[EventType "tourn"]
[EventCountry "NET"]
[SourceTitle "playchess.com"]
[Source "ChessBase"]
[SourceQuality "1"]

1. e4 c6 2. d4 d5 3. e5 Bf5 4. h4 h5 5. c4 e6 6. Bg5 Qb6 7. Qd2 Nd7 8. c5 Qc7 9. Nc3 Be7 10. b4 f6 11. exf6 gxf6 12. Be3 a6 13. a4 e5 14. Nge2 Bf8 15. Ng3 Bg6 16. Bd3 Bxd3 17. Qxd3 Ne7 18. Qe2 b6 19. Nxh5 Bh6 20. Ng3 Bxe3 21. Qxe3 a5 22. cxb6 Qxb6 23. b5 c5 24. dxc5 Qxc5 25. Qxc5 Nxc5 26. Ke2 Kd7 27. Rab1 Rab8 28. h5 Ke6 29. Rb2 Rh6 30. b6 Rb7 31. Rb5 Kd6 32. Rd1 Kc6 33. Rc1 Kd6 34. Rxa5 Nb3 35. Nb5+ Ke6 36. Ra7 Rxb6 37. Rcc7 Nc6 38. Rab7 Ncd4+ 39. Nxd4+ Nxd4+ 40. Kd3 Rxb7 41. Rxb7 Rh8 42. Rb6+ Kf7 43. a5 Ra8 44. a6 Ne6 45. Rb7+ Ke8 46. a7 Nc5+ 47. Ke3 Nxb7 48. h6 Kf7 49. Nf5 Rxa7 50. h7 Ra8 51. g4 Rh8 52. f4 Rxh7 53. g5 exf4+ 54. Kxf4 fxg5+ 55. Kxg5 Rh1 56. Kf4 Rf1+ 57. Ke5 Rd1 58. Ne3 Re1 59. Kd4 Rxe3 60. Kxe3 Ke6 61. Kd4 Nd8 62. Kc5 Ke5 63. Kb4 Ke4 64. Kc3 Ke3 65. Kc2 d4 66. Kd1 d3 67. Ke1 Ne6 68. Kd1 Nc5 69. Ke1 Ne4 70. Kd1 Nf2+ 71. Ke1 d2+ 72. Kf1 d1=Q+ 0-1

[Event "EOBCC 2020"]
[Site "Online"]
[Date "2020.12.18"]
[Round "7.119"]
[White "Myrmus, Mateusz"]
[Black "Shohat, Yotam"]
[Result "1/2-1/2"]
[WhiteElo "1683"]
[BlackElo "2346"]
[Annotator "ChessBase"]
[PlyCount "107"]
[EventDate "2020.12.18"]
[EventType "tourn"]
[EventCountry "NET"]
[SourceTitle "playchess.com"]
[Source "ChessBase"]
[SourceQuality "1"]

1. e4 g6 2. d4 Nf6 3. Nc3 d5 4. exd5 Nxd5 5. Nxd5 Qxd5 6. Nf3 Bg7 7. c3 c5 8. Be3 cxd4 9. Bxd4 Bxd4 10. Qxd4 Qxd4 11. Nxd4 Bd7 12. O-O-O e5 13. Nb5 Bxb5 14. Bxb5+ Ke7 15. Rhe1 f6 16. f4 a6 17. Ba4 b5 18. Bb3 Nd7 19. Bd5 Rac8 20. Bb7 Rc7 21. Bxa6 b4 22. Bb5 bxc3 23. bxc3 Rxc3+ 24. Kb2 Rc7 25. fxe5 Nxe5 26. a4 Rc5 27. Kb3 Rhc8 28. Rd7+ Ke6 29. Rxh7 Kf5 30. Bd7+ Nxd7 31. Rxd7 Rb8+ 32. Ka3 Rc3+ 33. Ka2 Rc2+ 34. Ka3 Rxg2 35. Rf1+ Kg5 36. Rd5+ f5 37. a5 Rxh2 38. a6 Rh7 39. Rg1+ Kf4 40. Rxg6 Ke4 41. Rdd6 f4 42. Rge6+ Kf5 43. Rf6+ Kg4 44. Rg6+ Kf3 45. Rb6 Rxb6 46. Rxb6 Ra7 47. Ka4 Kg2 48. Ka5 f3 49. Rg6+ Kf1 50. Rf6 f2 51. Kb6 Rg7 52. Rxf2+ Kxf2 53. a7 Rxa7 54. Kxa7 1/2-1/2

[Event "EOBCC 2020"]
[Site "Online"]
[Date "2020.12.18"]
[Round "7.120"]
[White "Spitzl, Vinzent"]
[Black "Antonov, Alexandr"]
[Result "1/2-1/2"]
[WhiteElo "2346"]
[BlackElo "2309"]
[Annotator "ChessBase"]
[PlyCount "122"]
[EventDate "2020.12.18"]
[EventType "tourn"]
[EventCountry "NET"]
[SourceTitle "playchess.com"]
[Source "ChessBase"]
[SourceQuality "1"]

1. e4 c5 2. Nf3 Nc6 3. d4 cxd4 4. Nxd4 d6 5. Nc3 e5 6. Nf3 Nf6 7. Bc4 Be7 8. O-O O-O 9. h3 Be6 10. Bb3 Rc8 11. Bg5 Na5 12. Bxf6 Bxf6 13. Nd5 Nc4 14. Bxc4 Rxc4 15. Qd3 Bxd5 16. Qxd5 Rxc2 17. Qxb7 Qb6 18. Qxb6 axb6 19. Rab1 Rfc8 20. Rfd1 Be7 21. Rd2 g6 22. Rbd1 f5 23. exf5 gxf5 24. Kf1 e4 25. Nd4 Rxd2 26. Rxd2 Rc1+ 27. Ke2 Bf6 28. Nxf5 d5 29. Rxd5 Ra1 30. Rd6 Bxb2 31. Rxb6 Rxa2 32. Ke3 Bc1+ 33. Kxe4 Rxf2 34. g4 Bd2 35. Rb3 Rf4+ 36. Ke5 Rc4 37. Kf6 Rc6+ 38. Ke7 Bg5+ 39. Kd7 Ra6 40. h4 Bd2 41. Rb8+ Kf7 42. Nd6+ Rxd6+ 43. Kxd6 Bf4+ 44. Kd5 Bxb8 45. Ke4 Kg6 46. Kf3 Ba7 47. Kg2 h6 48. g5 h5 49. Kh1 Kf5 50. Kh2 Bf2 51. Kh1 Bxh4 52. Kh2 Kxg5 53. Kh1 Kg4 54. Kh2 Bg3+ 55. Kh1 Kh3 56. Kg1 h4 57. Kh1 Kg4 58. Kg1 Kf3 59. Kh1 h3 60. Kg1 h2+ 61. Kh1 Bf4 1/2-1/2

[Event "EOBCC 2020"]
[Site "Online"]
[Date "2020.12.18"]
[Round "7.121"]
[White "Grafl, Florian"]
[Black "Aizenberg, Benny"]
[Result "1-0"]
[WhiteElo "2343"]
[BlackElo "2279"]
[Annotator "ChessBase"]
[PlyCount "135"]
[EventDate "2020.12.18"]
[EventType "tourn"]
[EventCountry "NET"]
[SourceTitle "playchess.com"]
[Source "ChessBase"]
[SourceQuality "1"]

1. e4 c5 2. Nf3 e6 3. d4 cxd4 4. Nxd4 Nc6 5. Nb5 Nf6 6. N1c3 Bb4 7. a3 Bxc3+ 8. Nxc3 d5 9. exd5 Nxd5 10. Nxd5 exd5 11. Bd3 O-O 12. O-O Qh4 13. g3 Qh3 14. Re1 Bg4 15. f3 Be6 16. Bf1 Qh5 17. Be3 d4 18. Bf2 Rad8 19. f4 Qg6 20. Qd2 Bf5 21. Rac1 d3 22. cxd3 Bxd3 23. Bg2 Be4 24. Qc3 Bxg2 25. Kxg2 Rfe8 26. Qf3 h6 27. Rxe8+ Rxe8 28. b4 a6 29. a4 Nxb4 30. Qxb7 Nd3 31. Rc8 Rxc8 32. Qxc8+ Kh7 33. Be3 Qe4+ 34. Kh3 g6 35. Qd7 Kg8 36. Bd4 Qe6+ 37. Qxe6 fxe6 38. Kg2 Kf7 39. Kf3 Ke7 40. Ke4 Nc1 41. g4 Nb3 42. Be3 Na1 43. Kd3 Nb3 44. h4 Kd6 45. Kc4 Na5+ 46. Kd4 Nc6+ 47. Ke4 Ne7 48. Bc1 h5 49. Ba3+ Kd7 50. gxh5 gxh5 51. Bxe7 Kxe7 52. f5 Kf6 53. fxe6 Kxe6 54. a5 Kf6 55. Kf4 Kf7 56. Kg5 Ke6 57. Kxh5 Kf5 58. Kh6 Kf6 59. h5 Kf7 60. Kg5 Kg7 61. Kf5 Kh6 62. Ke6 Kxh5 63. Kd6 Kg6 64. Kc6 Kf7 65. Kb6 Ke7 66. Kxa6 Kd7 67. Kb7 Kd6 68. a6 1-0

[Event "EOBCC 2020"]
[Site "Online"]
[Date "2020.12.18"]
[Round "7.122"]
[White "Stukan, Martin"]
[Black "Rudzinska, Michalina"]
[Result "1/2-1/2"]
[WhiteElo "2342"]
[BlackElo "2189"]
[Annotator "ChessBase"]
[PlyCount "131"]
[EventDate "2020.12.18"]
[EventType "tourn"]
[EventCountry "NET"]
[SourceTitle "playchess.com"]
[Source "ChessBase"]
[SourceQuality "1"]

1. e4 c5 2. Nf3 e6 3. d4 cxd4 4. Nxd4 Nc6 5. Nc3 a6 6. Nxc6 bxc6 7. Bd3 d5 8. O-O Nf6 9. Qf3 Be7 10. Qg3 g6 11. Bh6 Nh5 12. Qf3 Bg5 13. Bxg5 Qxg5 14. Rfe1 O-O 15. g3 Rb8 16. b3 d4 17. Ne2 e5 18. Qg2 a5 19. f4 exf4 20. gxf4 Nxf4 21. Qxg5 Nh3+ 22. Kg2 Nxg5 23. Nxd4 c5 24. Nc6 Rb6 25. Nxa5 Re8 26. Nc4 Rbe6 27. h4 Nxe4 28. Bxe4 Rxe4 29. Rxe4 Rxe4 30. Nd6 Rg4+ 31. Kf3 Be6 32. a4 Rxh4 33. a5 Rd4 34. Nb5 Rd7 35. a6 Bd5+ 36. Kg3 Ba8 37. Re1 Kf8 38. Re5 Bc6 39. a7 Rd8 40. Rxc5 Ba8 41. Nc7 Ke7 42. b4 Kd6 43. Rc3 f5 44. b5 Bb7 45. b6 Ke7 46. Re3+ Kf6 47. Re8 Rxe8 48. Nxe8+ Ke7 49. Nc7 Kd7 50. c4 Kc6 51. Nd5 Kc5 52. Kf4 Kxc4 53. Nc7 Kc5 54. a8=Q Bxa8 55. Nxa8 Kc6 56. Ke5 Kb7 57. Kd6 f4 58. Nc7 Kxb6 59. Nd5+ Kb5 60. Nxf4 Kc4 61. Ke5 g5 62. Nh5 Kd3 63. Kf5 Ke3 64. Kxg5 Ke4 65. Nf6+ Kd4 66. Nxh7 1/2-1/2

[Event "EOBCC 2020"]
[Site "Online"]
[Date "2020.12.18"]
[Round "7.123"]
[White "Polivanov, Anatoliy"]
[Black "Starosta, Martyna"]
[Result "1-0"]
[WhiteElo "2452"]
[BlackElo "2094"]
[Annotator "ChessBase"]
[PlyCount "41"]
[EventDate "2020.12.18"]
[EventType "tourn"]
[EventCountry "NET"]
[SourceTitle "playchess.com"]
[Source "ChessBase"]
[SourceQuality "1"]

1. e4 e5 2. Nf3 Nc6 3. Nc3 Nf6 4. Bb5 Nd4 5. O-O Nxf3+ 6. Qxf3 Be7 7. Be2 O-O 8. Qg3 d6 9. d3 Kh8 10. f4 exf4 11. Bxf4 c6 12. d4 d5 13. Be5 dxe4 14. Nxe4 Ne8 15. Bd3 f6 16. Qh4 g6 17. Nxf6 Bxf6 18. Bxg6 Qe7 19. Bxe8 Qxe8 20. Rxf6 Kg8 21. Qg5+ 1-0

[Event "EOBCC 2020"]
[Site "Online"]
[Date "2020.12.18"]
[Round "7.124"]
[White "Leszko, Bence"]
[Black "Psyk, Radoslaw"]
[Result "1-0"]
[WhiteElo "2321"]
[BlackElo "2375"]
[Annotator "ChessBase"]
[PlyCount "107"]
[EventDate "2020.12.18"]
[EventType "tourn"]
[EventCountry "NET"]
[SourceTitle "playchess.com"]
[Source "ChessBase"]
[SourceQuality "1"]

1. e4 Nf6 2. e5 Nd5 3. d4 d6 4. c4 Nb6 5. exd6 exd6 6. Bd3 g6 7. Nf3 Bg7 8. Bg5 f6 9. Be3 O-O 10. O-O Nc6 11. Nc3 Bg4 12. h3 Bxf3 13. Qxf3 f5 14. Ne2 Nb4 15. Bb1 Nxc4 16. Bf4 d5 17. a3 Nc6 18. Ba2 Nxd4 19. Nxd4 Bxd4 20. Rad1 c5 21. b4 b6 22. Be3 Ne5 23. Qxd5+ Kg7 24. Bxd4 Qxd5 25. Bxd5 cxd4 26. Bxa8 Rxa8 27. Rxd4 Rc8 28. Re1 Nc4 29. Re7+ Kf6 30. Rxa7 b5 31. a4 bxa4 32. Rxa4 Kg5 33. Ra7 f4 34. Rxh7 Ne5 35. Rb7 Rc1+ 36. Kh2 f3 37. Rb5 Kf6 38. Rf4+ Ke6 39. Re4 fxg2 40. Rbxe5+ Kf6 41. Kxg2 g5 42. Re6+ Kf5 43. R6e5+ Kf6 44. Rc5 Rb1 45. b5 g4 46. Rxg4 Ke6 47. Rd4 Ke7 48. h4 Ke6 49. h5 Kf6 50. Rd6+ Ke7 51. Ra6 Rb4 52. Rc7+ Kd8 53. Rg7 Rg4+ 54. Rxg4 1-0

[Event "EOBCC 2020"]
[Site "Online"]
[Date "2020.12.18"]
[Round "7.125"]
[White "Czernek, Tymon"]
[Black "Ongut, Tamas Gunes"]
[Result "0-1"]
[WhiteElo "2359"]
[BlackElo "2332"]
[Annotator "ChessBase"]
[PlyCount "140"]
[EventDate "2020.12.18"]
[EventType "tourn"]
[EventCountry "NET"]
[SourceTitle "playchess.com"]
[Source "ChessBase"]
[SourceQuality "1"]

1. e4 c5 2. Nf3 e6 3. d4 cxd4 4. Nxd4 Nf6 5. Nc3 Nc6 6. Be3 Bb4 7. f3 d5 8. Nxc6 bxc6 9. exd5 exd5 10. Bd2 O-O 11. Be2 Bc5 12. Na4 Bd4 13. c3 Be5 14. O-O Qc7 15. f4 Bd6 16. Bd3 Ne4 17. Be3 Re8 18. Qf3 Bf5 19. Rad1 Qa5 20. b3 c5 21. c4 d4 22. Bc1 Nc3 23. Bxf5 Nxd1 24. Qxd1 Re7 25. Qf3 Rae8 26. Qf2 Re1 27. Bd2 Rxf1+ 28. Kxf1 Qc7 29. Bd3 Qc6 30. Qh4 g6 31. f5 Be5 32. fxg6 hxg6 33. Nb2 Bg7 34. Nd1 Re6 35. Nf2 Rf6 36. Bg5 Re6 37. Bd2 Qa6 38. Qd8+ Kh7 39. Qh4+ Kg8 40. a4 Qb6 41. Bc2 Qc7 42. Qg3 Be5 43. Qh3 Bf4 44. Qd3 Bxd2 45. Qxd2 Qxh2 46. Qg5 Qe5 47. Qxe5 Rxe5 48. Ne4 f5 49. Nf6+ Kg7 50. Nd7 Re3 51. Nxc5 Rc3 52. Bd1 Kf6 53. g4 Ke5 54. gxf5 gxf5 55. Ke1 f4 56. Kd2 f3 57. Nd3+ Ke4 58. Nc5+ Kf4 59. Ne6+ Ke5 60. Ng5 f2 61. Ke2 Kf4 62. Ne6+ Ke5 63. Nc5 Rf3 64. Kf1 Rf6 65. Nd3+ Ke4 66. Bc2 Ke3 67. c5 Rh6 68. Nxf2 Rf6 69. Ke1 Rxf2 70. Bd1 Rh2 0-1

[Event "EOBCC 2020"]
[Site "Online"]
[Date "2020.12.18"]
[Round "7.126"]
[White "Dordzhieva, Dinara"]
[Black "Hirneise, Jens"]
[Result "0-1"]
[WhiteElo "2352"]
[BlackElo "2289"]
[Annotator "ChessBase"]
[PlyCount "102"]
[EventDate "2020.12.18"]
[EventType "tourn"]
[EventCountry "NET"]
[SourceTitle "playchess.com"]
[Source "ChessBase"]
[SourceQuality "1"]

1. Nf3 Nf6 2. c4 g6 3. g3 Bg7 4. d4 O-O 5. Bg2 d6 6. Nc3 Nc6 7. O-O Bf5 8. d5 Na5 9. Nd4 Bd7 10. b3 c5 11. Nc2 a6 12. Qd3 b5 13. cxb5 axb5 14. Nxb5 Qb6 15. Nc3 Bf5 16. e4 Bc8 17. Re1 Ng4 18. Bd2 c4 19. Qf3 Ne5 20. Qd1 cxb3 21. axb3 Ba6 22. b4 Nb3 23. Rb1 Nxd2 24. Qxd2 Nc4 25. Qd3 Na3 26. b5 Nxb1 27. Rxb1 Bxc3 28. Qxc3 Rfc8 29. Qd4 Rc5 30. Na3 Rc1+ 31. Rxc1 Qxd4 32. bxa6 Qb2 33. Rc7 Qxa3 34. Bf1 Kf8 35. Rc6 f5 36. exf5 gxf5 37. Kg2 Kf7 38. Bc4 Kf6 39. h4 h5 40. Bb5 Qa2 41. Bc4 Qa5 42. Kf3 Ra7 43. Kg2 Rc7 44. Kf3 Rxc6 45. dxc6 d5 46. Bd3 Qb6 47. Ke2 Qxc6 48. Ke3 Qb6+ 49. Ke2 e5 50. Kf3 e4+ 51. Kf4 Qxf2# 0-1

[Event "EOBCC 2020"]
[Site "Online"]
[Date "2020.12.18"]
[Round "7.129"]
[White "Lazov, Toni"]
[Black "Chyzy, Jakub"]
[Result "1-0"]
[WhiteElo "2405"]
[BlackElo "2250"]
[Annotator "ChessBase"]
[PlyCount "125"]
[EventDate "2020.12.18"]
[EventType "tourn"]
[EventCountry "NET"]
[SourceTitle "playchess.com"]
[Source "ChessBase"]
[SourceQuality "1"]

1. e4 Nf6 2. e5 Nd5 3. d4 d6 4. c4 Nb6 5. exd6 exd6 6. Nc3 Be7 7. Bd3 O-O 8. Nge2 Bf6 9. O-O Nc6 10. Be3 Re8 11. b3 Bg4 12. Qd2 d5 13. c5 Nc8 14. f3 Bh5 15. Bf2 Bg6 16. Bxg6 hxg6 17. Rab1 a5 18. a3 N8e7 19. b4 axb4 20. axb4 Nf5 21. Rfd1 Ra3 22. Qb2 Ra8 23. Qb3 Ne3 24. Rd3 Nc4 25. Nf4 Ra3 26. Qc2 Ne7 27. Re1 c6 28. g4 g5 29. Ng2 Ng6 30. Rdd1 Nf4 31. Nxf4 gxf4 32. Kg2 Ne3+ 33. Bxe3 fxe3 34. Rd3 Bg5 35. Ne2 Rxd3 36. Qxd3 Qd7 37. Kg3 Qe7 38. Kg2 Bh4 39. Ng3 Bxg3 40. hxg3 Qg5 41. b5 cxb5 42. Qxb5 Kf8 43. Re2 Qg6 44. Qxb7 Qd3 45. Qb2 Qc4 46. g5 g6 47. g4 Kg8 48. Kg3 Kf8 49. Kf4 Qd3 50. c6 Kg8 51. c7 Qc4 52. Rc2 Qd3 53. Qc3 Qxc3 54. Rxc3 e2 55. Rc1 Rc8 56. Re1 Rxc7 57. Rxe2 Rc4 58. Ke5 Rc3 59. f4 Rg3 60. Kxd5 Rxg4 61. Ke4 Kf8 62. d5 Rg2 63. Rxg2 1-0